000 00581cam a22002053a 4500
001 39366
003 PGUSA
005 20140828083856.0
008 120404s2012||||xxu|||||s|||||000 | eng d
040 _aPGUSA
_beng
042 _adc
100 1 _aReynolds, Baillie
_cMrs
245 1 4 _aThe Tree of Knowledge :
_bA Novel
_h[electronic resource] /
_cBaillie Reynolds
260 _bProject Gutenberg,
_c2012
506 _aPublic domain in the USA.
516 _aElectronic text
830 0 _aProject Gutenberg
_v39366
856 4 0 _uhttp://www.gutenberg.org/ebooks/39366
942 _cEB
999 _c268619
_d268619